How to increase Ritchie Bros Auctioneers’ competitive advantage against Euro Auctions

Bibliográfiai részletek
Szerző: Seres Milán
További közreműködők: Vásáry Dr. habil Viktória
Dokumentumtípus: Diplomadolgozat
Kulcsszavak:Piacelemzés
Aukció
Versenyképesség
Ritchie Bros
Online Access:http://dolgozattar.uni-bge.hu/1698

MARC

LEADER 00000nta a2200000 i 4500
001 dolg1698
005 20160107142617.0
008 150225suuuu hu om 000 eng d
040 |a BGE Dolgozattár Repozitórium  |b hun 
041 |a en 
100 1 |a Seres Milán 
245 1 0 |a How to increase Ritchie Bros Auctioneers’ competitive advantage against Euro Auctions  |c Seres Milán  |h [elektronikus dokumentum] 
246 1 1 |a Hogyan növelje Ritchie Bros Auctioneers versenyelőnyét Euro Auctions-el szemben 
246 1 1 |a How to increase Ritchie Bros Auctioneers’ competitive advantage against Euro Auctions 
695 |a Piacelemzés 
695 |a Aukció 
695 |a Versenyképesség 
695 |a Ritchie Bros 
700 1 |a Vásáry Dr. habil Viktória  |e ths 
856 4 0 |u http://dolgozattar.uni-bge.hu/1698/1/ASIS-Graduation%20Thesis%202074608-Mil%C3%A1n-Seres.pdf  |z Dokumentum-elérés